Les meilleurs... 6 nations 2026 - Statistiques

Statistiques générales
  • Ce quiz a été pris 19 fois
  • Le résultat moyen est 23 sur 62
Statistiques - réponses
? Pays Joueur % Correct
74 France Thomas Ramos
100%
3 France Thomas Ramos
100%
4 France Thomas Ramos
100%
10 France Thomas Ramos
100%
385 France Thomas Ramos
100%
45 France Louis Bielle-Biarrey
94%
9 France Louis Bielle-Biarrey
94%
4 France Louis Bielle-Biarrey
94%
366 France Louis Bielle-Biarrey
94%
5 France Antoine Dupont
76%
2042 France Antoine Dupont
76%
5 France Théo Attissogbé
65%
326 France Théo Attissogbé
65%
53 Ecosse Finn Russel
59%
18 France Matthieu Jalibert
47%
6 France Matthieu Jalibert
47%
14 France Matthieu Jalibert
47%
39 Italie Paolo Garbisi
47%
72 France Oscar Jegou
41%
47 Irlande Jack Crowley
35%
1418 Irlande Jamison Gibson-Park
35%
20 Italie Tomasso Menoncello
35%
4 Italie Tomasso Menoncello
35%
363 Italie Tomasso Menoncello
35%
7 Ecosse Blair Kinghorn
29%
81 Irlande Caelan Dorris
29%
4 Ecosse Darcy Graham
29%
27 Angleterre George Ford
29%
1396 Angleterre George Ford
29%
3 Pays-de-Galles Rhys Carre
29%
1359 Ecosse Ben White
24%
3 Irlande Caelan Doris
24%
6 Angleterre Maro Itoje
24%
11 Italie Monty Ioane
24%
3 Angleterre Tommy Freeman
24%
19 Angleterre Tommy Freeman
24%
4 Pays-de-Galles Tomos Williams
24%
2016 Pays-de-Galles Tomos Williams
24%
84 Pays-de-Galles Dafydd Jenkins
18%
4 Angleterre Henry Arundell
18%
4 Irlande Jamie Osborne
18%
3 Italie Lorenzo Cannone
18%
73 Irlande Tadhg Beirne
18%
7 Irlande Tadhg Beirne
18%
3 Angleterre Tom Roebuck
18%
1184 Italie Alessandro Fusco
12%
87 Pays-de-Galles Alex Mann
12%
3 Ecosse Kyle Stein
12%
26 Ecosse Kyle Stein
12%
316 Ecosse Kyle Stein
12%
18 Pays-de-Galles Louis Reez-Zammit
12%
388 Pays-de-Galles Louis Reez-Zammit
12%
3 Italie Michele Lamaro
12%
3 Irlande Robert Baloucoune
12%
74 Ecosse Rory Darge
12%
6 Ecosse Rory Darge
12%
20 Irlande Stuart Mccloskey
12%
6 Irlande Stuart Mccloskey
12%
8 Irlande Stuart Mccloskey
12%
9 Italie Leonardo Marin
6%
3 Irlande Tommy Obrien
6%
3 Pays-de-Galles James Botham
0%
Aucun quiz correspondant
Distribution des résultats
% des personnes avec chaque résultat
Percentile par nombre de réponses
Votre historique - résultats
Vous n’avez pas pris ce quiz